[Доклады] (Запись № 9220364)

Подробности
000 -МАРКЕР
контрольное поле 03089nam0a22003011 4500
001 - ИДЕНТИФИКАТОР ЗАПИСИ
контрольное поле rc\4645368
005 - ИДЕНТИФИКАТОР ВЕРСИИ
контрольное поле 20260407151708.0
021 ## - НОМЕР ГОСУДАРСТВЕННОЙ РЕГИСТРАЦИИ
Код страны Российская Федерация
Номер [67-74664]
035 ## - ДРУГИЕ СИСТЕМНЫЕ НОМЕРА
Идентификатор записи (NLR Aleph) 008687939
100 ## - ДАННЫЕ ОБЩЕЙ ОБРАБОТКИ
Данные общей обработки 20130416d1967 |||y0rusy50 ca
101 0# - ЯЗЫК РЕСУРСА
Язык текста, звукозаписи и т.д. русский
102 ## - СТРАНА ПУБЛИКАЦИИ ИЛИ ПРОИЗВОДСТВА
Страна публикации Российская Федерация
105 ## - ПОЛЕ КОДИРОВАННЫХ ДАННЫХ: ТЕКСТОВЫЕ МАТЕРИАЛЫ, МОНОГРАФИЧЕСКИЕ
Кодированные данные о монографическом текстовом документе y z |||||
200 1# - ЗАГЛАВИЕ И СВЕДЕНИЯ ОБ ОТВЕТСТВЕННОСТИ
Основное заглавие [Доклады]
Первые сведения об ответственности ЦНИИСК им. В.А. Кучеренко Госстроя СССР. Центр. и Каз. правл. НТО стройиндустрии. Госстрой Каз. ССР. Казпростроийниипроект. Казгорстройпроект. ЦК Профсоюза рабочих строительства и пром-сти строит. материалов. Совещание "Совершенствование методов расчета и конструирования зданий и сооружений, возводимых в сейсм. районах", Алма-Ата. Сент. 1967 г.
210 ## - ПУБЛИКАЦИЯ, РАСПРОСТРАНЕНИЕ И ДР.
Место издания, распространения и т.д. Душанбе
Имя издателя, распространителя и т. д. Б. и.
Дата издания, распространения и т.д. 1967
215 ## - ФИЗИЧЕСКАЯ ХАРАКТЕРИСТИКА
Специфическое обозначение материала и объем 26 с.
Другие сведения о физической характеристике граф.
Размеры 20
327 1# - ПРИМЕЧАНИЯ О СОДЕРЖАНИИ
Текст примечания Содерж.: Основные результаты испытания модели секции крупнопанельного дома на горизонтальные нагрузки / А.В. Триппель, Х. Гусейнов, А.Е. Асприц. Анализ работы многоэтажных каркасных зданий с жесткими узлами при сейсм. воздействиях / А.В. Триппель
464 #0 - АНАЛИТИЧЕСКИЙ УРОВЕНЬ
Встроенное поле 2001#$aОсновные результаты испытания модели секции крупнопанельного дома на горизонтальные нагрузки
-- 700#1$aТриппель$bА.В.
-- 701#1$aГусейнов$bХ.
-- 701#1$aАсприц$bА.Е.
Заглавие Основные результаты испытания модели секции крупнопанельного дома на горизонтальные нагрузки
Автор Триппель, А.В.
464 #0 - АНАЛИТИЧЕСКИЙ УРОВЕНЬ
Встроенное поле 2001#$aАнализ работы многоэтажных каркасных зданий с жесткими узлами при сейсмологических воздействиях
-- 700#1$aТриппель$bА.В.
Заглавие Анализ работы многоэтажных каркасных зданий с жесткими узлами при сейсмологических воздействиях
Автор Триппель, А.В.
606 ## - НАИМЕНОВАНИЕ ТЕМЫ КАК ПРЕДМЕТ
Наименование темы Сейсмостойкое строительство
Формальный подзаголовок Сборники
Код системы psbo
606 ## - НАИМЕНОВАНИЕ ТЕМЫ КАК ПРЕДМЕТ
Наименование темы Сейсмостойкие здания и постройки
Тематический подзаголовок Расчет
Формальный подзаголовок Сборники
Код системы psbo
710 12 - НАИМЕНОВАНИЕ ОРГАНИЗАЦИИ - ПЕРВИЧНАЯ ОТВЕТСТВЕННОСТЬ
Начальный элемент ввода "Совершенствование методов расчета и конструирования зданий и сооружений, возводимых в сейсмических районах", совещание
Дата проведения временной организации 1967
Место проведения временной организации Алма-Ата
Идентификатор авторитетной/нормативной записи RU\NLR\AUTH\8810091700
Системный номер авторитетной/нормативной записи 684661
801 #0 - ИСТОЧНИК ЗАПИСИ
Страна Российская Федерация
Организация NLR
Правила каталогизации psbo
801 #1 - ИСТОЧНИК ЗАПИСИ
Страна Российская Федерация
Организация ELAR
Источник данных rusmarc
852 ## - МЕСТОНАХОЖДЕНИЕ И ШИФР ХРАНЕНИЯ
Идентификатор организации NLR
Шифр хранения (Call Number) 67-4/18644
942 ## - ДОПОЛНИТЕЛЬНЫЕ ЭЛЕМЕНТЫ ЗАПИСИ (АБИС)
Тип экземпляра АБИС Книга
980 ## - КОЛЛЕКЦИЯ
Название коллекции Национальная библиография
Экземпляры
Тип экземпляра Дата поступления Библиотека постоянного хранения Библиотека текущего хранения Место хранения Шифр хранения Штрих-код Статус экземпляра
Книга 26.10.2013 РНБ (Московский) РНБ (Московский) Русский книжный фонд: издания с 1957 года 67-4/18644 8687939-10